Warhammer 40k Primarchs Picture Quiz - Statistics

General Stats
  • This quiz has been taken 850 times
  • The average score is 14 of 18
Answer Stats
Picture Answer % Correct
Lion El'Jonson
94%
Jaghatai Khan
87%
Fulgrim
86%
Horus Lupercal
85%
Sanguinius
85%
Angron
83%
Magnus the Red
83%
Rogal Dorn
82%
Leman Russ
80%
Roboute Guilliman
79%
Vulkan
79%
Mortarion
77%
Perturabo
76%
Alpharius Omegon
70%
Konrad Curze
69%
Ferrus Manus
68%
Lorgar Aurelian
65%
Corvus Corax
64%
No matching quizzes found
Score Distribution
Percent of People with Each Score
Percentile by Number Answered
Your Score History
You have not taken this quiz